000 01103nam a22001937a 4500
999 _c60740
_d60740
005 20231018151054.0
008 231018s1955ru xxu||||| |||| 00| 0 rus d
041 _arus
080 _a902.6(479.22) Л-74
100 _aЛомтатидзе, Г.А. (Георгий Александрович)
_920104
245 _aАрхеологические раскопки в древнегрузинской столице Мцхета /
_cГ.А. Ломтатидзе.
264 _aТбилиси :
_bИзд-во АН Груз. ССР,
_c1955.
300 _a116 с.,
_b 21 л. ил. ;
_c 22 см.
500 _a"Литература о мцхетских раскопках и раскопочных древностях": с. 103-110
653 _aАрхеологические раскопки в древнегрузинской столице Мцхета
653 _aარქეოლოგიური გათხრები ძველ საქართველოს დედაქალაქ მცხეთაში
653 _aარქეოლოგია
942 _2udc
_cBK